Spectacular television (Record no. 120636)

MARC details
000 -LEADER
fixed length control field 00687nam a2200265Ia 4500
003 - CONTROL NUMBER IDENTIFIER
control field OSt
005 - DATE AND TIME OF LATEST TRANSACTION
control field 20260216151337.0
008 - FIXED-LENGTH DATA ELEMENTS--GENERAL INFORMATION
fixed length control field 210210b2016 xxu||||| |||| 00| 0 eng d
020 ## - INTERNATIONAL STANDARD BOOK NUMBER
International Standard Book Number 9781780767376
040 ## - CATALOGING SOURCE
Transcribing agency AL
041 ## - LANGUAGE CODE
Language code of text/sound track or separate title eng
082 ## - DEWEY DECIMAL CLASSIFICATION NUMBER
Classification number 384.55 WHES
100 ## - MAIN ENTRY--PERSONAL NAME
Personal name Helen Wheatley
9 (RLIN) 255113
245 ## - TITLE STATEMENT
Title Spectacular television
Remainder of title : exploring televisual pleasure
260 ## - PUBLICATION, DISTRIBUTION, ETC.
Place of publication, distribution, etc. London
Name of publisher, distributor, etc. I B Tauris
Date of publication, distribution, etc. 2016
300 ## - PHYSICAL DESCRIPTION
Extent xii,276p
650 ## - SUBJECT ADDED ENTRY--TOPICAL TERM
Topical term or geographic name entry element televisual
9 (RLIN) 255114
650 ## - SUBJECT ADDED ENTRY--TOPICAL TERM
Topical term or geographic name entry element television:
9 (RLIN) 255115
650 ## - SUBJECT ADDED ENTRY--TOPICAL TERM
Topical term or geographic name entry element Spectacular
9 (RLIN) 255116
650 ## - SUBJECT ADDED ENTRY--TOPICAL TERM
Topical term or geographic name entry element pleasure
9 (RLIN) 255117
650 ## - SUBJECT ADDED ENTRY--TOPICAL TERM
Topical term or geographic name entry element exploring
9 (RLIN) 255118
690 ## - LOCAL SUBJECT ADDED ENTRY--TOPICAL TERM (OCLC, RLIN)
Topical term or geographic name as entry element Communication
9 (RLIN) 255119
906 ## - LOCAL DATA ELEMENT F, LDF (RLIN)
a 071322
942 ## - ADDED ENTRY ELEMENTS (KOHA)
Source of classification or shelving scheme Dewey Decimal Classification
Koha item type Book
Holdings
Withdrawn status Lost status Source of classification or shelving scheme Damaged status Not for loan Collection code Home library Current library Date acquired Source of acquisition Cost, normal purchase price Total Checkouts Full call number Barcode Date last seen Price effective from Koha item type
    Dewey Decimal Classification     Journalism St Aloysius Library St Aloysius Library 02/17/2021 Viva Books Pvt Ltd, Bangalore 1479.83   384.55 WHES 071322 02/17/2021 02/17/2021 Book